LEADER 01369nam a2200241 4500 001 000000337161 003 CaOOAMICUS 005 20230418123153.0 008 191015s1785 it 000 u lat r 026 $aa,e- am.) 5.8. (ado (3) 1785 (R) 040 $aSeMil$bita 100 11$aNeercassel, Johannes : van,$d<1623-1686>.$0(OLS)http://semarc/name/5598 245 00$aTomus primus. 264 1$aVenetiis :$bApud Simonem Occhi,$c1785. 300 $aLXXXXVI, 448 p. ;$c8° 500 $aSegn.: a-f8 A-2E8 700 1 $aHuygens, Gommarus,$d<1631-1702>.$0(OLS)http://semarc/name/110337 773 0 $aNeercassel, Johannes : van <1623-1686>$tAmor poenitens, sive De divini amoris ad poenitentiam necessitate et recto clavium usu, libri duo. Cum appendice in qua circa quorundam theologorum doctrinam de remissione ... auctore Jo. Episcopo Castoriensi ... Accedit nunc primum Methodus remittendi & retinendi peccata, auctore Gummaro Huygens Lyrano S.T.D. in academia Lovaniensi. Liber primus [-secundus].$dVenetiis : Apud Simonem Occhi, 1785.$bEditio secunda veneta$w()337160 850 $aSeMil 852 $aSeMil$W1$xVenegono$y1$m3X III 150 FA$j216874$B228923$CSeMilBibl$Z2$F228923 $8I 996 $6245$aTomus primus$9(OLS)http://semarc/title/52107 996 $6264$aVenetiis :$bApud Simonem Occhi$9(OLS)http://semarc/publisher/37203 LEADER 01231nam a2200253 i 4500 001 000000342571 003 CaOOAMICUS 005 20201012124929.0 008 201012s2011 sp m u001 u ita u 013 $a151555 040 $aSeMil$bita 100 1 $aConte, Maria Laura.$0(OLS)http://semarc/name/62088 245 13$aIl caso Domenica :$bl'informazione culturale in una società che cambia /$ctesis doctoral presentada por : Maria Laura Conte, dirigida por : Prof. Dr. José Francisco Serrano Oceja. 260 $aValencia :$b[s.n.],$c2011. 300 $a313 p. ;$c30 cm 500 $aIn testa al front : Universidad Cardenal Herrera-CEU, Departamento Derecho Privado y Disciplina Juridicas Básicas 650 4$aGiornali.$0(OLS)http://semarc/subject/7160 650 4$aTesi di laurea.$0(OLS)http://semarc/subject/1690 700 1 $aSerrano Oceja, José Francisco.$0(OLS)http://semarc/name/112292 850 $aSeMil 852 $aSeMil$W1$xVenegono$y1$m4X IV 53$j221762$B233493$CSeMilBibl$Z2$F233493 $8L 996 $6245$aIl caso Domenica :$bl'informazione culturale in una società che cambia$9(OLS)http://semarc/title/431396 996 $6260$aValencia :$b[s.n.]$9(OLS)http://semarc/publisher/30967